000 00286 a2200145 4500
001 168918
020 _a
040 _cMagnum
100 _aBraz, Julio Emilio
240 1 0 _aNoites em claro
_lpor
245 1 0 _aNoites em claro
362 0 _a1899
697 _aA/FICCAO
942 _cBK
999 _c168918
_d168918